[Event "Kimry Rating op 35th"]
[Site "Kimry"]
[Date "2007.05.29"]
[Round "2"]
[White "Osoblivets, Igor"]
[Black "Sorokin, Evgeniy"]
[Result "0-1"]
[WhiteElo "2129"]
[BlackElo "2230"]
[PlyCount "122"]
[EventDate "2007.05.28"]
[EventType "swiss"]
[EventRounds "7"]
[EventCountry "RUS"]
[SourceTitle "EXT 2008"]
[Source "ChessBase"]
[SourceDate "2007.11.25"]
[SourceVersion "1"]
[SourceVersionDate "2007.11.25"]
[SourceQuality "1"]

1. d4 Nf6 2. c4 d6 3. Nc3 Nbd7 4. e4 e5 5. Be3 exd4 6. Bxd4 g6 7. Nf3 Bg7 8. Be2 0-0 9. 0-0 Re8 10. Qc2 c6 11. Rad1 Qc7 12. b4 a5 13. a3 axb4 14. axb4 Nf8 15. Be3 Ne6 16. Ng5 Nxg5 17. Bxg5 Ng4 18. h3 Ne5 19. f4 Qb6+ 20. Kh1 Nd7 21. b5 Ra3 22. Nb1 Re3 23. bxc6 bxc6 24. Bf3 Nc5 25. f5 Rb3 26. fxg6 hxg6 27. Rxd6 Rb2 28. Qd1 Ne6 29. Bh4 Be5 30. Rd2 Rb4 31. Bf2 Qc7 32. Be2 Bf4 33. Rd3 Qe5 34. Nd2 Ba6 35. Rf3 Rd8 36. Be3 Bxe3 37. Rxe3 Qg5 38. Rd3 Rxd3 39. Bxd3 Nf4 40. Qf3 Rb2 41. Qxf4 Qxf4 42. Rxf4 Rxd2 43. Rf3 Kg7 44. Kh2 Rd1 45. Bc2 Rc1 46. Rc3 c5 47. Kg3 Bb7 48. Kf4 Bc6 49. Ke3 Kf6 50. Kd2 Rg1 51. Rf3+ Ke6 52. Rf2 f6 53. Bd3 Ke5 54. Re2 Ra1 55. Re3 Kd4 56. Rg3 Ra2+ 57. Ke1 Ra3 58. Rxg6 Rxd3 59. Rxf6 Bxe4 60. Rf4 Rc3 61. h4 Ke3 0-1